| 000 | 01884nam a22002777a 4500 | ||
|---|---|---|---|
| 999 |
_c62347 _d62347 |
||
| 003 | Ge_BSU | ||
| 005 | 20241008144056.0 | ||
| 008 | 241008s2023 ge ||||| |||| 00| 0 geo d | ||
| 020 | _a9789941982057 | ||
| 041 | _ageo | ||
| 080 | _a726:27-523.4(=353.1)(560) ბ-29 | ||
| 245 |
_aბასიანის ძეგლების 2022 წლის საკვლევი ექსპედიციის ანგარიში / _cავტორები თ. ხუციშვილი, ნ. არონიშიძე, ბ. გოზალიშვილი და სხვ. |
||
| 264 |
_aთბილისი : _bკავკასიის უნივერსიტეტის გამომცემლობა, _c2023. |
||
| 300 |
_a87 გვ. : _b ფოტ. ; _c29 სმ. |
||
| 500 | _a ანგარიში იბეჭდება შოთა რუსთაველის ეროვნული სამეცნიერო ფონდის დაფინანსებით. | ||
| 504 | _aბიბლიოგრაფია: გვ. 85-87. | ||
| 653 | _aქართული ეკლესიები თურქეთში | ||
| 653 | _aქართული ციხე- სიმაგრეები თურქეთში. | ||
| 700 |
_aხუციშვილი, თ. _eავტორი _913601 |
||
| 700 |
_aარონიშიძე, ნოდარ _eავტორი. _923346 |
||
| 700 |
_aგაჩეჩილაძე, დავით _eავტორი _917917 |
||
| 700 |
_aგოზალიშვილი, ბებურ და სხვ. _eავტორი. _923347 |
||
| 773 | _tნაჩუქარი | ||
| 856 |
_uhttps://dspace.nplg.gov.ge/bitstream/1234/438552/1/BasianisDzeglebis2022WlisSakvleviEqspediciisAngarishi.pdf _yელ. ვერსია |
||
| 942 |
_2udc _cᲬᲘᲒᲜᲘ |
||